000 01039nam a22002657a 4500
005 2009080405165.0
008 090728t xxu||||| |||| 00| 0 pun d
010 _aPUN-7348
020 _c250.00
_a9788178837956
035 _aPN-6466
037 _bDBAD / PUB/ਚੇਤਨਾ ਪ੍ਰਕਾਸ਼ਨ
040 _adpl
_bPN
082 _a854
100 _937323
_aਅਜੀਤ ਪਿਆਸਾ
245 _aਜਗਰਾਵਾਂ ਠੰਢੀਆਂ ਛਾਵਾਂ /
_cਅਜੀਤ ਪਿਆਸਾ
246 _aJagravan thandhian shavan
_bby Ajit Pyasa
260 _aਲੁਧਿਆਣਾ
_bਚੇਤਨਾ ਪ੍ਰਕਾਸ਼ਨ
_c2011
270 _aPunjabi Bhawan,
_bLudhiana ( Pb.)
_k0161-2413613
_mchetnaprakashan@sify.com
300 _a192ਪਂ
_b21 ਸੇਂਮੀ(ਸਜਿਲਦ)
650 _937324
650 _937325
700 _952706
942 _2ddc
_cPN
_h854
_mਅਜੀਤ
999 _c70556
_d70556